| 000 | 00463nam a22001697a 4500 | ||
|---|---|---|---|
| 003 | BD-DhUL | ||
| 005 | 20171126122558.0 | ||
| 008 | 171114s1327 ir ||||| |||| 00| 0 per d | ||
| 040 |
_aBD-DhUL _cBD-DhUL |
||
| 082 |
_a891.552 _bMUN |
||
| 100 | 0 | _aمحمد حجازی | |
| 245 | 0 |
_aنمایشنامه حافظ / _cمحمد حجازی |
|
| 260 |
_aبھا : _b، _c۔۱۳۲۷ |
||
| 300 |
_aص۔ ۷۳ ؛ _c۲۱ سم۔ |
||
| 650 | 0 | _aPersian poetry | |
| 942 |
_2ddc _cBK |
||
| 999 |
_c232422 _d232422 |
||